000
00257nam a22001097a 4500
008
170118b xxu||||| |||| 00| 0 eng d
020
_a
9780323031462
041
_a
eng
080
_2
3RD
_a
618.2
245
_a
GERONTOLOGIC NURSING
_c
MEINER, S.R
942
_2
udc
_c
BK
999
_c
3046
_d
3046